000 01221nac a22003251i 4500
003 EG-ScBUE
005 20240421102341.0
008 240421s2007 enkb f b 001 0 eng d
020 _a9780745325965 (pbk.)
020 _a0745325963 (pbk.)
035 _a(OCoLC)ocn123551818
035 _a(OCoLC)123551818
040 _aEG-ScBUE
_beng
_erda
_cEG-ScBUE
_dEG-ScBUE
082 0 4 _a956.053
_bROT
_222
100 1 _aRothchild, Alice,
_d1948-‏
_eauthor.
245 1 0 _aBroken promises, broken dreams :
_bstories of Jewish and Palestinian trauma and resilience /
_cAlice Rothchild.
264 1 _aLondon :
_bPluto Press,
_c2007.
300 _axi, 263 pages :
_bmaps ;
_c23 cm
336 _2rdacontent
_atext
_btxt
337 _aunmediated
_2rdamedia
_bn
338 _avolume
_bnc
_2rdacarrier
504 _aIncludes bibliographical references and index.
650 7 _aArab-Israeli conflict
_y1993-
_xSocial aspects.
_2BUEsh
650 7 _aArab-Israeli conflict
_y1993-
_vPersonal narratives.
_2BUEsh
650 7 _aArab-Israeli conflict
_y1993-
_xOccupied territories.
_2BUEsh
650 7 _aPalestinian Arabs
_xAttitudes.
_2BUEsh
650 7 _aJews
_zIsrael
_xAttitudes.
_2BUEsh
655 _vReading book
942 _cBB
_2ddc
999 _c8375
_d8375